00348nam a2200109Ia 4500008004100000020001800041082001500059100004000074245008700114260002900201300000800230210430s9999 xx 000 0 und d a0-689-70094-6 a355 H6741E aCharles J. Hitch , Roland N. McKean 4aThe Economics of Defense in the Nuclear Age /cCharles J. Hitch , Roland N. McKean aNew YorkbAtheneumc1978 a422